00858nam a2200181 i 4500001000700000003000900007005001700016008004100033100002600074245010800100260009300208300004300301490010600344650001900450710007600469830010600545852002500651181203ES-MaACL20230906221311.0121031s1916 sp |||| | spa d1 aLecha-Marzo, Antonio.14aLos dibujos papilares de la palma de la mano como medio de investigación / cpor Antonio Lecha Marzo. aMadrid : bJunta para Ampliación de Estudios é Investigaciones Científicas,c1916. aP. [31]-68, 4 h. de lám. ; c23 cm.1 aAnales de la Junta para ampliación de Estudios e Investigaciones Científicas ; vt. 16, memoria 2 4aDactiloscopia.2 aJunta para la Ampliación de Estudios e Investigaciones Científicas.0 aAnales de la Junta para ampliación de Estudios e Investigaciones Científicas ; vt. 16, memoria 2 aES-MaACLjB-13172(2)